El hombre doliente: fundamentos antropológicos de la psicoterapia

Salvato in:
Dettagli Bibliografici
Autore principale: Frankl, Viktor E (Autore)
Natura: Libro
Lingua:spagnolo
Pubblicazione: Barcelona Herder 1990
Edizione:2a. ed
Soggetti:
Tags: Aggiungi Tag
Nessun Tag, puoi essere il primo ad aggiungerne!!

MARC

LEADER 00000nam a2200000 a 4500
001 UCK0211
003 CL-VaPUC
008 040915e19900000SP |||||||||||||||||spa|d
020 |a 8425415403 
082 0 4 |a 616.8914  |b FRA  |2 21 
100 0 |a Frankl, Viktor E  |e author  |9 488110 
245 1 3 |a El hombre doliente: fundamentos antropológicos de la psicoterapia 
250 |a 2a. ed 
300 |a 310 p 
942 |c BK 
945 |d 20040915 00:00:00  |a cmena 
260 |a Barcelona  |b Herder  |c 1990 
650 7 |a PSICOTERAPIA  |2 CL-VaPUC  |9 488111 
650 0 |a Psiquiatría  |9 308427 
650 0 |a Logoterapia   |9 307575 
650 0 |a Psicoanálisis   |9 265702 
583 |a last modification  |c 20040915 00:00:00  |k Rodrigo Vera 
999 |c 310700  |d 310698 
952 |0 0  |1 0  |4 0  |6 616_891400000000000_FRA_1990  |7 0  |8 A  |9 379596  |a BIBTEO  |b BIBTEO  |d 2019-11-21  |i 4063848  |o 616.8914 FRA 1990  |p 4063848  |r 2025-01-17  |w 2019-11-21  |y BK  |k ICR